00502nam a2200157Ia 4500008004100000020001400041082001400055100001700069245009200086250000700178260004000185300002900225500001900254600002100273650005000294240925s9999 xx 000 0 und d a965081915 a004.3 ALX aAxelson, Jan 0aParallel Port Complete: programming ,interfacing,& using the pc's parallel printer port aNA aMadison:bLakeview Researchc,2000. axxv,1506p.bNAfOriginal aIncludes Index aComputer Science aComputer science, information & general works